<?xml version="1.0" encoding="UTF-8"?>
<record
    xmlns:xsi="http://www.w3.org/2001/XMLSchema-instance"
    xsi:schemaLocation="http://www.loc.gov/MARC21/slim http://www.loc.gov/standards/marcxml/schema/MARC21slim.xsd"
    xmlns="http://www.loc.gov/MARC21/slim">

  <leader>00822    a2200277   4500</leader>
  <controlfield tag="003">CBULib</controlfield>
  <controlfield tag="005">20250227125748.0</controlfield>
  <controlfield tag="008">241119b        |||||||| |||| 00| 0 eng d</controlfield>
  <datafield tag="020" ind1=" " ind2=" ">
    <subfield code="a">9781394163540</subfield>
  </datafield>
  <datafield tag="040" ind1=" " ind2=" ">
    <subfield code="b">English</subfield>
    <subfield code="c">CBULib</subfield>
    <subfield code="e">rda</subfield>
  </datafield>
  <datafield tag="041" ind1=" " ind2=" ">
    <subfield code="a">eng</subfield>
  </datafield>
  <datafield tag="050" ind1=" " ind2=" ">
    <subfield code="a">NA 2543 Mul</subfield>
  </datafield>
  <datafield tag="100" ind1=" " ind2=" ">
    <subfield code="a">Hopkins, Owen</subfield>
    <subfield code="9">4052</subfield>
  </datafield>
  <datafield tag="245" ind1=" " ind2=" ">
    <subfield code="a">Multispace : architecture at dawn of the metaverse</subfield>
    <subfield code="c">/ edited by Owen Hopkins </subfield>
  </datafield>
  <datafield tag="260" ind1=" " ind2=" ">
    <subfield code="b">Wiley,</subfield>
    <subfield code="c">2022</subfield>
    <subfield code="a">Oxford : </subfield>
  </datafield>
  <datafield tag="300" ind1=" " ind2=" ">
    <subfield code="a">136 pages : illustrations </subfield>
  </datafield>
  <datafield tag="336" ind1=" " ind2=" ">
    <subfield code="2">rdacontent</subfield>
    <subfield code="a">Text |</subfield>
    <subfield code="b">txt</subfield>
  </datafield>
  <datafield tag="337" ind1=" " ind2=" ">
    <subfield code="2">rdamedia</subfield>
    <subfield code="a">Unmediated |</subfield>
    <subfield code="b">n</subfield>
  </datafield>
  <datafield tag="338" ind1=" " ind2=" ">
    <subfield code="2">rdacarrier</subfield>
    <subfield code="a">Volume</subfield>
    <subfield code="b">nc</subfield>
  </datafield>
  <datafield tag="650" ind1=" " ind2="0">
    <subfield code="9">4045</subfield>
    <subfield code="a">METAVERSE</subfield>
  </datafield>
  <datafield tag="650" ind1=" " ind2="0">
    <subfield code="9">4046</subfield>
    <subfield code="a">PLACE IN ARCHITECTURE </subfield>
  </datafield>
  <datafield tag="650" ind1=" " ind2="0">
    <subfield code="9">4047</subfield>
    <subfield code="a">SPACE AND TIME </subfield>
  </datafield>
  <datafield tag="700" ind1=" " ind2=" ">
    <subfield code="9">4048</subfield>
    <subfield code="a">Spiller, Neil </subfield>
  </datafield>
  <datafield tag="700" ind1=" " ind2=" ">
    <subfield code="9">4049</subfield>
    <subfield code="a">Ellerby, Caroline</subfield>
  </datafield>
  <datafield tag="942" ind1=" " ind2=" ">
    <subfield code="2">lcc</subfield>
    <subfield code="c">002</subfield>
  </datafield>
  <datafield tag="999" ind1=" " ind2=" ">
    <subfield code="c">85773</subfield>
    <subfield code="d">85773</subfield>
  </datafield>
  <datafield tag="952" ind1=" " ind2=" ">
    <subfield code="0">0</subfield>
    <subfield code="1">0</subfield>
    <subfield code="2">lcc</subfield>
    <subfield code="4">0</subfield>
    <subfield code="7">0</subfield>
    <subfield code="8">LSK</subfield>
    <subfield code="a">010</subfield>
    <subfield code="b">001</subfield>
    <subfield code="c">GEN</subfield>
    <subfield code="d">2024-11-19</subfield>
    <subfield code="e">DON-BOOKAID</subfield>
    <subfield code="g">78.00</subfield>
    <subfield code="o">NA 2543 Mul</subfield>
    <subfield code="p">753057</subfield>
    <subfield code="r">2024-11-19</subfield>
    <subfield code="t">1</subfield>
    <subfield code="w">2024-11-19</subfield>
    <subfield code="y">002</subfield>
  </datafield>
  <datafield tag="952" ind1=" " ind2=" ">
    <subfield code="0">0</subfield>
    <subfield code="1">0</subfield>
    <subfield code="2">lcc</subfield>
    <subfield code="4">0</subfield>
    <subfield code="7">0</subfield>
    <subfield code="8">LSK</subfield>
    <subfield code="a">010</subfield>
    <subfield code="b">001</subfield>
    <subfield code="c">GEN</subfield>
    <subfield code="d">2024-11-19</subfield>
    <subfield code="e">DON-BOOKAID</subfield>
    <subfield code="g">78.00</subfield>
    <subfield code="o">NA 2543 Mul</subfield>
    <subfield code="p">753058</subfield>
    <subfield code="r">2024-11-19</subfield>
    <subfield code="t">2</subfield>
    <subfield code="w">2024-11-19</subfield>
    <subfield code="y">002</subfield>
  </datafield>
  <datafield tag="952" ind1=" " ind2=" ">
    <subfield code="0">0</subfield>
    <subfield code="1">0</subfield>
    <subfield code="2">lcc</subfield>
    <subfield code="4">0</subfield>
    <subfield code="7">0</subfield>
    <subfield code="8">MC</subfield>
    <subfield code="a">001</subfield>
    <subfield code="b">001</subfield>
    <subfield code="c">GEN</subfield>
    <subfield code="d">2025-02-27</subfield>
    <subfield code="e">BOOK AID INTERNATIONAL </subfield>
    <subfield code="g">78.00</subfield>
    <subfield code="l">0</subfield>
    <subfield code="o">NA 2543 Mul</subfield>
    <subfield code="p">753477</subfield>
    <subfield code="r">2025-02-27</subfield>
    <subfield code="w">2025-02-27</subfield>
    <subfield code="y">002</subfield>
  </datafield>
  <datafield tag="952" ind1=" " ind2=" ">
    <subfield code="0">0</subfield>
    <subfield code="1">0</subfield>
    <subfield code="2">lcc</subfield>
    <subfield code="4">0</subfield>
    <subfield code="7">0</subfield>
    <subfield code="8">MC</subfield>
    <subfield code="a">001</subfield>
    <subfield code="b">001</subfield>
    <subfield code="c">GEN</subfield>
    <subfield code="d">2025-02-27</subfield>
    <subfield code="e">BOOK AID INTERNATIONAL </subfield>
    <subfield code="g">78.00</subfield>
    <subfield code="l">0</subfield>
    <subfield code="o">NA 2543 Mul</subfield>
    <subfield code="p">753476</subfield>
    <subfield code="r">2025-02-27</subfield>
    <subfield code="w">2025-02-27</subfield>
    <subfield code="y">002</subfield>
  </datafield>
</record>
